00875 a2200193 45000010006000000050017000060080041000230030015000640400040000790800031001192450035001502500012001852640034001973000019002315050361002501000025006117000023006367000022006594626620260407155734.0260407a1971 arg spa dAR-UNSa-BCEJYS aAR-UNSa-BCEJYSbspacAR-UNSa-BCEJYS a330xEconomía en general10aEconomía para No Economistas a4a. ed. 1aBuenos Aires :bAguilarc1971 a200 p.c21 cm. a1. El consumidor – 2. La empresa – 3. Competencia – 4. Monopolio – 5. Salarios – 6. Beneficios y renta – 7. Dinero e interés – 8. El nivel de la actividad económica – 9. Ciclos económicos – 10. Hacienda pública – 11. Comercio internacional – 12. Tipos de cambios – 13. La balanza de pagos – 14. Política económica. 1 aAlvarez LLopis, Luis1 aStonier, Alfred W.1 aHague, Douglas C.